|
|
|
|
| LEADER |
00883nam a22002417a 4500 |
| 001 |
AAL5758 |
| 003 |
BD-DhAAL |
| 005 |
20160430152539.0 |
| 008 |
160430s 1995us ||||| |||| 001 0 eng d |
| 020 |
|
|
|a 1561343455
|
| 040 |
|
|
|a BD-DhAAL
|c BD-DhAAL
|
| 082 |
|
|
|a 973.15
|
| 100 |
|
|
|a Maddox, Robert James
|9 19373
|
| 245 |
|
|
|a American history. Vol. II /
|b Reconstruction through the present /
|c Robert James Maddox
|
| 260 |
|
|
|a Guilford, Conn. :
|b Dushkin Pub. Group,
|c ©1995
|
| 300 |
|
|
|a 240 pages :
|b illustrations.
|c 28 cm
|
| 500 |
|
|
|a Includes index
|
| 541 |
|
|
|e 5758
|
| 651 |
|
|
|a United States
|x History.
|9 19374
|
| 852 |
|
|
|a Savar Campus Library
|c General Shelf
|
| 942 |
|
|
|2 ddc
|c BK
|
| 999 |
|
|
|c 37513
|d 37513
|
| 952 |
|
|
|0 0
|1 0
|2 ddc
|4 0
|6 973_150000000000000_MAD
|7 0
|9 58914
|a SCL
|b SCL
|c GEN
|d 2016-04-30
|e Gift: The Asia Foundation
|l 0
|o 973.15 MAD
|p 3020005758
|r 2016-04-30
|t 1
|w 2016-04-30
|y BK
|